000 00686nam a2200253 i 4500
001 C2-0249439
003 PPAK
005 20180727213439.0
008 030505s1991 my |||| ||||| | may d
020 _a9836219811
040 _aPPAK
_beng
_cPPAK
_erda
082 0 4 _a370.9595
_223
090 0 0 _a370.9595
_bOMA
_dG
100 0 _aOmar Mohd Hashim,
_eauthor
245 1 0 _aPengisian misi pendidikan
264 1 _aKuala Lumpur :
_bDewan Bahasa dan Pustaka ,
_c1991
300 _axxxvii, 566 pages ;
_c22 cm
336 _2rdacontent
_atext
337 _2rdamedia
_aunmediated
338 _2rdacarrier
_avolume
650 1 0 _aEducation - Malaysia
700 _eauthor
942 _ddc
_cB
999 _c62972
_d62972